00999nam a2200253 a 450000100060000000300080000600500170001400800410003102000400007202000150011203500190012704000270014604100080017308200270018110000310020824500960023926000610033530000330039650400660042965000270049570000400052285600910056285600920065369818BD-RjUL20211209081929.0170413r20052001ii a b 001 0 eng  a3540416625 (softcover : alk. paper) a818128061X a(BD-RjUL)70030 aDLCcDLCdBD-RjULbeng aeng00a515.2433223bJER 20051 aJensen, A.q(Arne),d1950-10aRipples in mathematics :bthe discrete wavelet transform /cA. Jensen and A. La Cour-Harbo. aBerlin ;aNew York :bSpringer,cc2001 [reprinted 2005]. aix, 246 p. :bill. ;c24 cm. aIncludes bibliographical references (p. [239]-240) and index. 0aWavelets (Mathematics)1 aLa Cour-Harbo, A.q(Anders),d1973-423Publisher descriptionuhttp://www.loc.gov/catdir/enhancements/fy0816/2001020907-d.html413Table of contents onlyuhttp://www.loc.gov/catdir/enhancements/fy0816/2001020907-t.html